| 000 | 00396nam a2200145Ia 4500 | ||
|---|---|---|---|
| 008 | 151213s9999 xx 000 0 und d | ||
| 100 | _aA. M. Rugman | ||
| 245 |
_aIntentional Business : a Strategic Management Approach _cA. M. Rugman |
||
| 260 |
_aLondon _bMc Graw Hill Book _c1995 |
||
| 300 | _a2643 p. | ||
| 650 | _aManagement | ||
| 650 | _aManagement | ||
| 700 | _aA. M. Rugman | ||
| 999 |
_c1755 _d1755 |
||